000 00420nam a2200181Ia 4500
005 20240823033447.0
008 240823s9999||||xx |||||||||||||| ||und||
041 _aENGLISH
082 _A791.95482 Q0
100 _aSabeetha Joseph
245 0 _aNadigavel M R Radha 100
250 _a4th
260 _c2010
_bNakkheeranPublica
500 _aYES
650 _aTamil Books
_bGeneral
942 _cBK
999 _c195870
_d195870